LEADER 00936nam0-22003011i-450- 001 990003190490403321 035 $a000319049 035 $aFED01000319049 035 $a(Aleph)000319049FED01 035 $a000319049 100 $a20000920d1966----km-y0itay50------ba 101 0 $aeng 102 $aIT 200 1 $a<>Select Collection of Scarse and Valuable Tracts on Commerce [1859]$fEdited with a Preface, Notes and Index by John R.McCulloch. 210 $aNew York$cAugustus M. Kelley$d1966. 215 $aXIII, 623 p.$d22 cm 225 1 $aReprints of economic classics 676 $aD/3.2 676 $aF/1.402 702 1$aMcCulloch,$bJohn Ramsay$f<1789-1864> 801 0$aIT$bUNINA$gRICA$2UNIMARC 901 $aBK 912 $a990003190490403321 952 $aD/3.2 SEL/2$b718/I$fSES 959 $aSES 996 $aSelect Collection of Scarse and Valuable Tracts on Commerce$9453762 997 $aUNINA DB $aING01 LEADER 01417nam2-2200397li-450 001 990000215510203316 005 20180312154625.0 010 $a3-540-62025-7 035 $a0021551 035 $aUSA010021551 035 $a(ALEPH)000021551USA01 035 $a0021551 100 $a20001109d1996----km-y0itay0103----ba 101 0 $aeng 102 $aGW 200 1 $aQuasi-periodic motions in familiesof dynamical systems$eorder amidst chaos$fHendrik W. Broer 210 $aBerlin [etc.]$cSpringer-Verlag$dcopyr. 1996 215 $aXI, 195 p.$cill.$d23 cm 225 2 $aLecture notes in mathematics$v1645 410 0$10010021263$12001$aLecture notes in mathematics$ea collection of informal reports and seminars$fedited by A. Dold, Heidelberg and B. Eckmann, Zürich 610 1 $asistemi dinamici 610 1 $asistemi hamiltoniani 676 $a51474$9Analisi globale 700 1$aBroer,$bHendrik W.$013459 801 $aSistema bibliotecario di Ateneo dell' Università di Salerno$gRICA 912 $a990000215510203316 951 $a510 LNM (1645)$b0019885 CBS$c510$d00110548 959 $aBK 969 $aSCI 979 $c19970322 979 $c20001110$lUSA01$h1714 979 $aALANDI$b90$c20011204$lUSA01$h1248 979 $c20020403$lUSA01$h1629 979 $aPATRY$b90$c20040406$lUSA01$h1615 996 $aQuasi-periodic motions in familiesof dynamical systems$91487127 997 $aUNISA